01017nam a2200229 a 4500001000900000005001700009008004100026020001500067040001800082050002200100245007000122250000600192260004000198300001800238505020900256600002900465600002600494650003700520650003700557700010100594700009200695BRCA_39320190320203005.0880729s1993 mx-#---###---f000-0#spa-# a9686664705 aDLCcDLCdDLC 4aND2644b.S64 199310aSobre la encáustica y el frescobDiego Rivera y Juan O´Gorman. a2 aMéxicobEl Colegio Nacionalc1993 a48 p.c21 cm.0 aContenido : Disertación sobre la técnica de la encáustica y del fresco / relatado por Diego Rivera a Juan O´Gorman. -- Técnica empleada por Diego Rivera para pintar al fresco / por Juan O´Gorman14aRivera, Diegod1886-195714aO´Gorman, Juand190514aPintura mural mexicanaySiglo XX14aPintura encaústicaxTécnicas1 aRivera, Diegod1886-1957tDisertación sobre la técnica de la encáustica y del frescof19931 aO´Gorman, Juand1905-tTécnica empleada por Diego Rivera para pintar al frescof1993